Catalog

Record Details

Catalog Search



Exil v Londýně : 1939-1943 : Velká Británie a její spojenci Československo, Polsko a Jugoslávie mezi Mnichovem a Teheránem / Detlef Brandes ; [z německého originálu ... přeložili Marek Nekula a Alena Opletalová]

Brandes, Detlef, 1941- (Author). Nekula, Marek, 1965- (Translator). Opletalová, Alena (Translator).

Record details

  • ISBN: 80-246-0488-4 (váz.)
  • Physical Description: 566 s. ; 25 cm
  • Edition: Vyd. 1.
  • Publisher: Praha : Karolinum, 2003

Content descriptions

Bibliography, etc. Note:
Obsahuje bibliografii, bibliografické odkazy a rejstřík

Available copies

  • 1 of 1 copy available at Common Catalog SPOK.

Holds

  • 0 current holds with 1 total copy.
Show Only Available Copies
Location Call Number / Copy Notes Barcode Shelving Location Status Due Date
Terezin Initiative Institute 4021 4594304021 Knihovna ITI Available -

LDR 02723nam a2200649 a 4500
00127077
003CZ-PrJAB
00520220903111910.0
008030926s2003 xr gr 001 0 cze
015 . ‡acnb001192322
020 . ‡a80-246-0488-4 (váz.)
035 . ‡a(CONS)1895
035 . ‡a(CZ PrSKC)cpk20031192322
035 . ‡a(OCoLC)53488645
040 . ‡aABA001 ‡bcze
0411 . ‡acze ‡hger
080 . ‡a342.395.3 ‡2MRF
080 . ‡a94(100)"1939/1945" ‡2MRF
080 . ‡a327 ‡2MRF
080 . ‡a(410) ‡2MRF
080 . ‡a(437) ‡2MRF
080 . ‡a(438) ‡2MRF
080 . ‡a(497.1) ‡2MRF
080 . ‡a(048.8) ‡2MRF
1001 . ‡aBrandes, Detlef, ‡d1941- ‡7jn20000600983 ‡4aut
24510. ‡aExil v Londýně : ‡b1939-1943 : Velká Británie a její spojenci Československo, Polsko a Jugoslávie mezi Mnichovem a Teheránem / ‡cDetlef Brandes ; [z německého originálu ... přeložili Marek Nekula a Alena Opletalová]
24633. ‡aVelká Británie a její spojenci Československo, Polsko a Jugoslávie mezi Mnichovem a Teheránem
250 . ‡aVyd. 1.
260 . ‡aPraha : ‡bKarolinum, ‡c2003
300 . ‡a566 s. ; ‡c25 cm
504 . ‡aObsahuje bibliografii, bibliografické odkazy a rejstřík
7001 . ‡aNekula, Marek, ‡d1965- ‡7jn20000401847 ‡4trl
7001 . ‡aOpletalová, Alena ‡4trl
8524 . ‡bJACH-ITI ‡bJACH-ITI ‡cKnihovna ITI ‡j4021 ‡p4021 ‡y$0.00
910 . ‡aABE340 ‡b4021
995 . ‡askok
901 . ‡a27077 ‡bISxN ‡c27077 ‡tbiblio

Additional Resources